000 00725nam a22002177a 4500
999 _c3135
_d3135
003 AR-CdUCM
008 190306b ||||| |||| 00| 0 spa d
020 _a84-278--0914-X
040 _aMUNICIPALIDAD PROVINCIAL DEL CUSCO
_cBIBLIOTECA MUNICIPAL DEL CUSCO
082 _a858.8 /
_bSA18G
100 _aSalgari, Emilio
_9800
245 _aLa galera del bajá /
260 _aBarcelona :
_bNauta,
_c1984.
300 _a185 páginas ;
_c18 cm.
440 _n4
_910574
505 _aEn la galería del bajá -- La persecucíon de la chalupa -- Combate nocturno -- En el castillo de Hussif -- La traición de armenio ...
650 _aNovela italiana
_910534
650 _aSiglo XIX
_9971
942 _2ddc
_cLIBROS
945 _aafb